| 000 | 00511nam a2200193 a 4500 | ||
|---|---|---|---|
| 001 | 1771067063538 | ||
| 003 | YourLibrary | ||
| 005 | 20260214163805.0 | ||
| 008 | 260214s2002##################000#0#eng## | ||
| 020 | _a9780750622523 | ||
| 082 | 0 | 4 |
_a306.7087 _bBLA |
| 100 | 1 |
_aBlackburn, Maddie, _eauthor. |
|
| 245 | 1 | 0 | _aSexuality and Disability : |
| 260 |
_bButterworth-Heinemann Medical, _c2002. |
||
| 300 | _a204 pages | ||
| 650 | 0 | _aMedical. | |
| 942 | _cENGLISH | ||
| 040 |
_aYourLibrary _beng _cYourLibrary |
||
| 999 |
_c612536 _d612536 |
||